MARC details
| 000 -CABECERA |
| campo de control de longitud fija |
02114nam a2200301 4500 |
| 003 - IDENTIFICADOR DEL NÚMERO DE CONTROL |
| campo de control |
EC-UNACH |
| 005 - FECHA Y HORA DE LA ÚLTIMA TRANSACCIÓN |
| campo de control |
20251114125748.0 |
| 006 - CÓDIGOS DE INFORMACIÓN DE LONGITUD FIJA--CARACTERÍSTICAS DEL MATERIAL ADICIONAL |
| campo de control de longitud fija |
s||||gr|||| 00| 00 |
| 008 - DATOS DE LONGITUD FIJA--INFORMACIÓN GENERAL |
| campo de control de longitud fija |
150116t9999 mx r gr 000 0 spa d |
| 020 ## - NÚMERO INTERNACIONAL ESTÁNDAR DEL LIBRO |
| Número Internacional Estándar del Libro |
978-958-8675-89-3 |
| 040 ## - FUENTE DE LA CATALOGACIÓN |
| Centro catalogador/agencia de origen |
EC-UNACH |
| Centro/agencia transcriptor |
EC-UNACH |
| 041 ## - CÓDIGO DE LENGUA |
| Código de lengua del texto/banda sonora o título independiente |
spa |
| 082 04 - NÚMERO DE LA CLASIFICACIÓN DECIMAL DEWEY |
| Número de edición |
23 |
| Número de clasificación |
532 |
| Número de documento/Ítem |
L018315 |
| 110 ## - ENTRADA PRINCIPAL--NOMBRE DE ENTIDAD CORPORATIVA |
| Nombre de entidad corporativa o nombre de jurisdicción como elemento de entrada |
Ediciones U |
| 245 ## - MENCIÓN DE TÍTULO |
| Título |
Hidráulica Generación de energía |
| 250 ## - MENCIÓN DE EDICIÓN |
| Mención de edición |
Primera edición |
| 264 ## - Producción, publicación, distribución, fabricación y copyright |
| Lugar de producción, publicación, distribución, fabricación |
Colombia |
| Nombre del de productor, editor, distribuidor, fabricante |
Ediciones U |
| Fecha de de producción, publicación, distribución, fabricación o copyright |
2011 |
| 300 ## - DESCRIPCIÓN FÍSICA |
| Extensión |
196 |
| 505 ## - NOTA DE CONTENIDO CON FORMATO |
| Nota de contenido con formato |
Introducción. Parte 1. Hidrostática. 1.1. Líquidos en reposo 1.2. Propiedades de la presión hidrostática 1.3. Presión de los líquidos sobre superficies. 1.4. Flotación de los cuerpos. Parte 2. Hidrodinámica 2.1. Líquidos en movimiento 2.1.1. Características cinemáticas del movimiento de una partícula en un líquido . 2.1.2. Formas del movimiento de un líquido 2.1.3. Definición de caudal. 2.1.4. Ecuación de continuidad 2.1.5. Parámetros hidráulicos del flujo. 2.2. Ecuación de Bernoulli 2.2.1. Ecuación de Bernoulli para una vena de un líquido ideal 2.2.2. Ecuación de Bernoulli para una vena elemental de un líquido real 2.2.3. Aplicaciones de la ecuación de Bernouilli . 2.3. Resistencia hidráulica y pérdidas de altura de presión. 2.3.1. Flujo laminar y turbulento.2.3.2. Número de Reynolds. 2.3.3. Ecuación general de las pérdidas primarias (Ecuación de Darcy – Weisbach) . 2.3.4. Ecuación general de las pérdidas secundarias ∆hacc . 2.3.5. Pérdidas hidráulicas en un ducto. 2.4. Movimiento de un fluido en una tubería de presión .2.4.1. Diámetro de una tubería de presión.2.4.2. Golpe de ariete . 2.5. Movimiento de un fluido en cauces abiertos de corriente uniforme (fórmula de Chezy) 2.6. Vertederos.124 2.7. Parámetros de las Turbinas. |
| 650 ## - PUNTO DE ACCESO ADICIONAL DE MATERIA--TÉRMINO DE MATERIA |
| Término de materia o nombre geográfico como elemento inicial |
LIQUIDOS EN REPOSO |
| 650 ## - PUNTO DE ACCESO ADICIONAL DE MATERIA--TÉRMINO DE MATERIA |
| Término de materia o nombre geográfico como elemento inicial |
FORMAS DE MOVIMIENTO DE UN LIQUIDO |
| 650 ## - PUNTO DE ACCESO ADICIONAL DE MATERIA--TÉRMINO DE MATERIA |
| Término de materia o nombre geográfico como elemento inicial |
FLUJO LAMINAR Y TUBURLENTO |
| 700 ## - PUNTO DE ACCESO ADICIONAL--NOMBRE DE PERSONA |
| Nombre de persona |
Ramiro Ortiz Flóres |
| 942 ## - ELEMENTOS DE PUNTO DE ACCESO ADICIONAL (KOHA) |
| Fuente del sistema de clasificación o colocación |
Clasificación Decimal Dewey |
| Tipo de ítem Koha |
Libros |
| 999 ## - NÚMEROS DE CONTROL DE SISTEMA (KOHA) |
| Koha biblionumber |
14182 |